| 000 | 00616nam a22001937a 4500 | ||
|---|---|---|---|
| 005 | 20240201112749.0 | ||
| 010 | _aENG-138855 | ||
| 020 |
_c675.00 _a9789354496844 |
||
| 035 | _aEN-122387 | ||
| 037 | _bDBAD/PUB | ||
| 082 | _a658.0076 | ||
| 100 |
_aMahajan, Mahak _961511 |
||
| 245 |
_aNTA UGC: _cBy Mahak Mahajan _bNET SET JRF Management/ |
||
| 250 | _a2nd ed. | ||
| 260 |
_aNoida _bPearson India Education Services Pvt Ltd _c2022 |
||
| 270 |
_aIst Floor, Berger Tower, Plot No C-001A/2 Sector 16B, _bNoida _e201301 |
||
| 300 |
_avpp.: _c25cm(pbk) _bill. |
||
| 942 |
_2ddc _cEN _h658.0076 _mMAH _e2 |
||
| 999 |
_c200485 _d200485 |
||